000 00602 a2200181 4500
999 _c186975
_d186975
005 20220324142616.0
010 _aENG-132111
020 _a9789385606335
_c675.00
035 _aEN-115643
037 _bDBAD/PUB
082 _a777
100 _aYadav,Anubha
245 _aScripting Bollywood:
_bCandid Conversations with Women Who Write Cinema/
_cAnubhav Yadav
260 _aNew Delhi
_bWomen Unlimited (an associate of Kali for Women)
_c2021
270 _a7/10, First Floor, Sarvapriya Vihar
_bNew Delhi
_e110016
300 _axvii, 300p
_c22cm (pbk)
942 _2ddc
_cEN
_h777
_mYAD